Statystyki dla Ulice miasta Janów Lubelski

Kliknij tutaj aby rozwiązać quiz!

Ogólne statystyki

  • Ten quiz został rozwiązany 21 razy
  • Średni wynik to 19 z 110

Statystyki odpowiedzi

PodpowiedźUlica% Poprawnych
Jana Kochanowskiego
71%
Polski PapieżJana Pawła II
64%
JózefPiłsudskiego
57%
Nazwisko autora W pustyni i w puszczySienkiewicza
57%
dzień Niepodległości11 listopada
50%
fioletowy kwiatFiołkowa
50%
Wiejska
50%
założyciel ZamościaZamoyskiego
50%
3 maja
43%
Bialska
43%
Dębowa
43%
Różana
36%
Szkolna
36%
rodzaj drewnaBrzozowa
29%
Bukowa
29%
Pierwszy prezydent PolskiGabriela Narutowicza
29%
Klonowa
29%
Kościuszki
29%
Krokusowa
29%
Krótka
29%
Leśna
29%
Liliowa
29%
Ogrodowa
29%
Polna
29%
Reja
29%
Rynek
29%
Słowackiego
29%
Sosnowa
29%
Tulipanowa
29%
uśmiechnięta czyliWesoła
29%
Wierzbowa
29%
żołto-czarny mały kwaitekBratkowa
21%
Konopnickiej
21%
Krzywa
21%
Maczka
21%
Prusa
21%
Rolna
21%
Można ją usmażyćRybna
21%
Sasankowa
21%
Ulanowska
21%
Wałowa
21%
Wojska Polskiego
21%
Wyszyńskiego
21%
Adama Mickiewicza
14%
Andersa
14%
Azaliowa
14%
Bohaterów Porytowego Wzgórza
14%
Cicha
14%
Jodłowa
14%
Kamienna
14%
Korczaka
14%
Mikołaja Kopernika
14%
Okopowa
14%
Partyzantów
14%
Piaskowa
14%
Sikorskiego
14%
Świerdzowa
14%
Targowa
14%
Traugutta
14%
Turystyczna
14%
14 czerwca
7%
8 września
7%
Aleksandra Fredry
7%
Bema
7%
Bławatkowa
7%
Chopina
7%
Daliowa
7%
Fabryczna
7%
Jeżynowa
7%
Kasztanowa
7%
Kołłątaja
7%
Konwaliowa
7%
Łąkowa
7%
Makowa
7%
Malinowa
7%
Modrzewiowa
7%
Objazdowa
7%
Ochotników węgierskich
7%
Podlipie
7%
Poziomkowa
7%
Rumiankowa
7%
Skorupki
7%
Sowy Visa
7%
Spokojna
7%
kojarzy się z stokamiStokowa
7%
Świerkowa
7%
Szewska
7%
Armi Krajowej
0%
Irysowa
0%
Jarzębinowa
0%
Jaśminowa
0%
Jaworowa
0%
Lechnickiego
0%
Lelewela
0%
Mieczykowa
0%
Niecała
0%
Ojca Jana
0%
Okopowa Boczna
0%
Poprzeczna
0%
Przyborowie
0%
Śmigłego
0%
Sowiakowskiego
0%
Spadowa
0%
Storczykowa
0%
Szarotkowa
0%
Szymanoskiego
0%
Władysława Reymonta
0%
Wrzosowa
0%
Zakątna
0%
Zakładowa
0%

Rozkład punktacji

Percentyl według liczby udzielonych odpowiedzi

Procent ludzi z każdym wynikiem

Twoja historia wyników

Nie rozwiązałeś tego quizu